| 000 | 00541nam a2200181Ia 4500 | ||
|---|---|---|---|
| 005 | 20250508122321.0 | ||
| 008 | 240825s9999 xx 000 0 und d | ||
| 020 |
_a9781473969407 _qpbk |
||
| 082 |
_a301 _bWOO |
||
| 100 | _aWoodward, Sophie | ||
| 245 | 0 |
_aMaterial Methods Researching and Thinking with Things _c/Woodward |
|
| 250 | _a1st edition | ||
| 260 |
_bSage Publications _c2020 |
||
| 300 |
_a194 pages _c22cm. |
||
| 504 | _aBib and Ref | ||
| 650 | _aMaterial culture Research Methodology ; Materials Research | ||
| 942 | _cENGLISH | ||
| 999 |
_c547533 _d547533 |
||